| 000 | 00735nam a22002657a 4500 | ||
|---|---|---|---|
| 003 | OSt | ||
| 005 | 20140310183013.0 | ||
| 008 | 130211t xxu||||| |||| 00| 0 eng d | ||
| 020 | _a9713003004 | ||
| 050 |
_aQR 67 _b.Al44 1995 |
||
| 100 | _aAlejaga, Teresa A. | ||
| 245 |
_aLaboratory modules in microbiology and parasitology for allied health science courses _cTeresa A. Alejaga |
||
| 260 |
_aManila : _bMerriam & Wesbter Bookstore, _c1995. |
||
| 300 |
_a351 p. : _c26 cm. |
||
| 521 | _aNUR | ||
| 562 | _e5 | ||
| 650 | _a1. Microbiology -- Modules. | ||
| 650 | _a2. Parasitology -- Modules. | ||
| 942 |
_2lcc _cBK _kLOC |
||
| 999 |
_c18266 _d18266 |
||